Minister's manual; vol. 3. (Record no. 1866)

000 -LEADER
fixed length control field 00568nam a2200181 a 4500
001 - CONTROL NUMBER
control field :::00018131$&:&@@
003 - CONTROL NUMBER IDENTIFIER
control field OkBaRHE
005 - DATE AND TIME OF LATEST TRANSACTION
control field 20100327131631.0
008 - FIXED-LENGTH DATA ELEMENTS--GENERAL INFORMATION
fixed length control field s1965 j 000 0 eng u
040 ## - CATALOGING SOURCE
Transcribing agency
100 1# - MAIN ENTRY--PERSONAL NAME
Personal name Pickthorn, William E.,
245 10 - TITLE STATEMENT
Title Minister's manual; vol. 3.
260 ## - PUBLICATION, DISTRIBUTION, ETC. (IMPRINT)
Place of publication, distribution, etc Springfield, MO., :
Name of publisher, distributor, etc Gospel Publishing House
Date of publication, distribution, etc 1965
300 ## - PHYSICAL DESCRIPTION
Extent v. (1-3) ;
Dimensions 17 cm.
650 ## - SUBJECT ADDED ENTRY--TOPICAL TERM
Topical term or geographic name as entry element Occasional Services
942 ## - ADDED ENTRY ELEMENTS (KOHA)
Source of classification or shelving scheme
Koha item type Books
Copies
Copy number Price effective from Barcode Date last seen Date acquired Lost status Source of classification or shelving scheme Permanent Location Koha item type Not for loan Collection code Withdrawn status Full call number Shelving location Damaged status
12010-04-14181312010-04-142010-04-14  RHEMA Bible Training CollegeBooks Reference BV 199 .O3 P5 V.3General Stacks